Ciencia política, un balance de fin de siglo

Uloženo v:
Podrobná bibliografie
Hlavní autor: Jerez Mir, Miguel (Autor)
Médium: Kniha
Jazyk:španělština
Vydáno: Madrid Centro de Estudios Políticos y Constitucionales 1999
Edice:Colección Estudios Políticos
Témata:
Tagy: Přidat tag
Žádné tagy, Buďte první, kdo vytvoří štítek k tomuto záznamu!

MARC

LEADER 00000nam a2200000 a 4500
001 UCO3019
003 CL-VaPUC
008 000610e19990000SP |||||||||||||||||spa|d
082 0 4 |a 320  |b JER  |2 21 
100 0 |a Jerez Mir, Miguel  |e author  |9 446836 
245 1 0 |a Ciencia política, un balance de fin de siglo 
300 |a 282 p 
942 |c BK 
945 |d 20000610 00:00:00  |a vberengu 
260 |a Madrid  |b Centro de Estudios Políticos y Constitucionales  |c 1999 
650 0 |a Política  |9 255312 
650 0 |a Teoría del Estado  |9 255507 
650 7 |a TEORIA POLITICA  |2 CL-VaPUC  |9 446837 
651 0 |a España  |9 254926 
583 |a last modification  |c 20000610 00:00:00  |k Rodrigo Vera 
490 0 |a Colección Estudios Políticos 
999 |c 289501  |d 289499 
952 |0 0  |1 0  |4 0  |6 320_000000000000000_JER_1999  |7 0  |8 DER_TF  |9 337946  |a BIBDER  |b BIBDER  |d 2019-11-20  |i 3624897  |o 320 JER 1999  |p 3624897  |r 2023-01-25  |w 2019-11-20  |x Ubicación 4to Piso  |y BK  |z Estos recursos deben solicitarse con anticipación  |k DER